| 000 | 00356cam a22001097a 4500 | ||
|---|---|---|---|
| 008 | 180718b1989 xxu||||| |||| 00| 0 eng d | ||
| 082 | _aT19x54 C349 | ||
| 245 |
_aReport on the current economic situation and priority areas for action _cby Ministry of Finance |
||
| 260 |
_a _bGovernment of India _c1989 |
||
| 300 | _av.p. | ||
| 700 | _aIndia. Ministry of Finance | ||
| 999 |
_c497266 _d497266 |
||